Philippine constitutional law: (Record no. 7212)

MARC details
000 -LEADER
fixed length control field 00578nam a22001817a 4500
003 - CONTROL NUMBER IDENTIFIER
control field OSt
005 - DATE AND TIME OF LATEST TRANSACTION
control field 20260126043231.0
008 - FIXED-LENGTH DATA ELEMENTS--GENERAL INFORMATION
fixed length control field 251218b |||||||| |||| 00| 0 eng d
020 ## - INTERNATIONAL STANDARD BOOK NUMBER
International Standard Book Number 971-23-2777-9
040 ## - CATALOGING SOURCE
Original cataloging agency DWCL-Main Lib.
Transcribing agency OC
082 ## - DEWEY DECIMAL CLASSIFICATION NUMBER
Edition number Volume 2 1999 ed.
Classification number Fil. 342.599 D377p 1999
100 ## - MAIN ENTRY--PERSONAL NAME
Personal name De Leon, Hector S.
245 ## - TITLE STATEMENT
Title Philippine constitutional law:
Remainder of title principles and cases/
Statement of responsibility, etc. Hector S. De Leon
250 ## - EDITION STATEMENT
Edition statement Volume 2 1999 ed.
260 ## - PUBLICATION, DISTRIBUTION, ETC.
Place of publication, distribution, etc. Rex book store, inc.,
Date of publication, distribution, etc. c1999.
300 ## - PHYSICAL DESCRIPTION
Extent xlv 1127 p. ;
Dimensions 23 cm.
942 ## - ADDED ENTRY ELEMENTS (KOHA)
Source of classification or shelving scheme Dewey Decimal Classification
Koha item type Book-Filipiniana
Edition Volume 2 1999 ed.
Call number prefix Fil.
Suppress in OPAC No
952 ## - LOCATION AND ITEM INFORMATION (KOHA)
--
952 ## - LOCATION AND ITEM INFORMATION (KOHA)
--
952 ## - LOCATION AND ITEM INFORMATION (KOHA)
--
Holdings
Withdrawn status Lost status Source of classification or shelving scheme Damaged status Not for loan Home library Current library Shelving location Date acquired Source of acquisition Cost, normal purchase price Total Checkouts Full call number Barcode Date last seen Copy number Price effective from Koha item type Uniform Resource Identifier
    Dewey Decimal Classification     College Library College Library Filipiniana 02/04/2003 School Fund 0.00   Fil. 342.599 D377p 1999 CL37107 12/18/2025 c1 12/18/2025 BK - FIL
    Dewey Decimal Classification     College Library College Library Filipiniana 02/04/2003 School Fund 0.00   Fil. 342.599 D377p 1999 CL37108 12/18/2025 c2 12/18/2025 BK - FIL
    Dewey Decimal Classification     College Library College Library Filipiniana 02/04/2003 School Fund 0.00   Fil. 342.599 D377p 1999 CL37109 12/18/2025 c3 12/18/2025 BK - FIL